Aujourd'hui, c'est oui! (Record no. 120160)
[ view plain ]
| 000 -LÍDER | |
|---|---|
| campo de controle de tamanho fixo | 00849 a2200181 4500 |
| 001 - NÚMERO DE CONTROLE | |
| campo de controle | 120160 |
| 020 ## - ISBN - INTERNATIONAL STANDARD BOOK NUMBER | |
| ISBN - International Standard Book Number | 9781443109888 |
| 040 ## - FONTE DA CATALOGAÇÃO | |
| Instituição que transcreveu o registro | Escola Canadense de Niteroi |
| 090 ## - NÚMERO DE CHAMADA LOCAL | |
| Número de chamada (OCLC) (R); Número de chamada, CALL (RLIN) (NR) | ROS |
| 100 ## - ENTRADA PRINCIPAL--NOME PESSOAL | |
| Nome pessoal | Rosenthal, Amy |
| 245 10 - TÍTULO | |
| Título | Aujourd'hui, c'est oui! |
| 300 ## - DESCRIÇÃO FÍSICA | |
| Outros detalhes físicos | il. |
| 362 0# - DATAS DE PUBLICAÇÃO E/OU DESIGNAÇÃO SEQUENCIAL | |
| Datas de publicação e/ou designação sequencial | 2011 |
| 520 ## - NOTA DE RESUMO, ETC | |
| Resumo, etc. | Il y une journée dans lannée, où les enfants peuvent absolument tout demander et la réponse est oui! Puis-je avoir de la pizza pour déjeuner? Oui! Puis-je veiller tard ce soir? Oui! C'est le jour du Oui!, le plus beau jour de l'année! Ce livre plein d'humour invitera les lecteurs à bien profiter des petits plaisirs de la vie. Il amènera parents et enfants à exprimer leurs souhaits les plus chers... et les plus fous! (Grade Level: Kindergarten-1) |
| 650 #4 - ASSUNTO--TERMO TÓPICO | |
| Cabeçalho tópico ou nome geográfico | Littérature Pour Enfants |
| 650 #4 - ASSUNTO--TERMO TÓPICO | |
| Cabeçalho tópico ou nome geográfico | Anniversaire |
| 942 ## - ELEMENTOS DE ENTRADA ADICIONADOS (KOHA) | |
| Tipo de material Koha | Livros |
| Situação do descarte | Situação das perdas | Situação física | Não pode ser emprestado | Biblioteca de origem | Biblioteca atual | Data de aquisição | Total de empréstimos | Número de chamada completo | Código de barras | Data de último acesso | Data do preço efetivo | Tipo de material Koha |
|---|---|---|---|---|---|---|---|---|---|---|---|---|
| Canadian School of Niterói - Piratininga | Canadian School of Niterói - Piratininga | 09/02/2024 | ROS | A05761 | 09/02/2024 | 09/02/2024 | Livros |